[Event "Titled Tuesday intern op 16th Apr Early"]
[Site "Chess.com INT"]
[Date "2024.04.16"]
[Round "5"]
[White "Iskusnyh, Sergei"]
[Black "Lymar, Vladislav"]
[Result "0-1"]
[WhiteElo "2440"]
[BlackElo "2179"]
[PlyCount "94"]
[EventDate "2024.04.16"]
[EventType "swiss (blitz)"]
[EventRounds "11"]
[EventCountry "USA"]
[SourceTitle "CB17_2024"]
[SourceDate "2024.04.24"]
[SourceVersion "1"]
[SourceVersionDate "2024.04.24"]
[SourceQuality "1"]

1. d4 d6 2. Nf3 f5 3. c4 Nf6 4. e3 g6 5. Be2 Bg7 6. Nc3 0-0 7. 0-0 c6 8. b4 Na6 9. b5 Nc7 10. a4 c5 11. dxc5 Ne4 12. Nxe4 fxe4 13. Nd4 dxc5 14. Nb3 Qxd1 15. Rxd1 Bxa1 16. Nxa1 Be6 17. Nb3 b6 18. Bb2 Rad8 19. Ra1 Ne8 20. Bc3 Nd6 21. Nd2 Rd7 22. Kf1 Nb7 23. Nxe4 Bf5 24. Nd2 Bd3 25. Ke1 e6 26. Bf3 Nd6 27. Be2 Ne4 28. Nxe4 Bxe4 29. a5 Bxg2 30. axb6 axb6 31. Ra6 Rb7 32. Bg4 Re8 33. h4 Be4 34. Be5 Kf7 35. Kd2 h5 36. Be2 Rd8+ 37. Kc3 Ke7 38. f3 Bf5 39. e4 Bh3 40. Ra1 Rf8 41. Rg1 Ra7 42. Rg3 Ra2 43. Bd3 Bg2 44. Rxg6 Rxf3 45. Rg7+ Kf8 46. Rd7 Bf1 47. Bc7 Bxd3 0-1

[Event "Titled Tuesday intern op 16th Apr Early"]
[Site "Chess.com INT"]
[Date "2024.04.16"]
[Round "4"]
[White "Lazavik, Denis"]
[Black "Iskusnyh, Sergei"]
[Result "1-0"]
[WhiteElo "2572"]
[BlackElo "2440"]
[PlyCount "101"]
[EventDate "2024.04.16"]
[EventType "swiss (blitz)"]
[EventRounds "11"]
[EventCountry "USA"]
[SourceTitle "CB17_2024"]
[SourceDate "2024.04.24"]
[SourceVersion "1"]
[SourceVersionDate "2024.04.24"]
[SourceQuality "1"]

1. d4 d5 2. c4 c6 3. Nf3 Nf6 4. Qc2 dxc4 5. Qxc4 Bf5 6. g3 e6 7. Bg2 Be7 8. 0-0 Nbd7 9. Qb3 Qb6 10. Nbd2 0-0 11. Nc4 Qa6 12. Bf4 Be4 13. Bd6 Bd5 14. Bxe7 Bxc4 15. Qc2 Bxe2 16. Bxf8 Rxf8 17. Rfe1 Bc4 18. Ne5 Bd5 19. Nxd7 Nxd7 20. Bxd5 cxd5 21. Rac1 Nf6 22. b3 h5 23. Kg2 g6 24. Qe2 Qb6 25. Qd3 Ne4 26. Rc2 Kg7 27. Rec1 Nd6 28. Rc5 Nf5 29. Qe2 Ne7 30. Qe5+ Kg8 31. Qc7 Nc6 32. Qxb6 axb6 33. Rb5 Ra8 34. Rxb6 Rxa2 35. Rxb7 Nxd4 36. Rcc7 Nf5 37. Rxf7 g5 38. Rfd7 Ra8 39. h3 g4 40. hxg4 hxg4 41. Rb4 Kf8 42. Rxg4 Ra2 43. Rf4 Ke8 44. Rh7 d4 45. Re4 Ne3+ 46. Kf3 Nd1 47. Rxe6+ Kd8 48. Rd6+ Ke8 49. Rh2 Rd2 50. Ra6 Kd7 51. Rh7+ 1-0

[Event "Titled Tuesday intern op 12th Mar Early"]
[Site "Chess.com INT"]
[Date "2024.03.12"]
[Round "8"]
[White "Iskusnyh, Sergei"]
[Black "Shuvalov, Evgenij"]
[Result "0-1"]
[WhiteElo "2440"]
[BlackElo "2021"]
[PlyCount "52"]
[EventDate "2024.03.12"]
[EventType "swiss (blitz)"]
[EventRounds "11"]
[EventCountry "USA"]
[SourceTitle "CB12_2024"]
[SourceDate "2023.10.01"]
[SourceVersion "1"]
[SourceVersionDate "2023.10.01"]
[SourceQuality "1"]

1. d4 Nf6 2. c4 g6 3. g3 c5 4. Bg2 cxd4 5. Nf3 e5 6. 0-0 Nc6 7. e3 d3 8. Nc3 d5 9. cxd5 Nxd5 10. Nxd5 Qxd5 11. Nd4 e4 12. Nxc6 Qxc6 13. f3 Bf5 14. Bd2 Bg7 15. Rc1 Qd7 16. fxe4 Bg4 17. Qb3 0-0 18. h3 Bxh3 19. Qd5 Qg4 20. Kh2 Bxg2 21. Kxg2 Rad8 22. Qb3 Qxe4+ 23. Kh2 Rd5 24. Kg1 Rh5 25. Qxf7+ Rxf7 26. Rc8+ Bf8 0-1

[Event "Titled Tuesday intern op 12th Mar Early"]
[Site "Chess.com INT"]
[Date "2024.03.12"]
[Round "2"]
[White "Leve, Nitai D"]
[Black "Iskusnyh, Sergei"]
[Result "0-1"]
[WhiteElo "2128"]
[BlackElo "2440"]
[PlyCount "44"]
[EventDate "2024.03.12"]
[EventType "swiss (blitz)"]
[EventRounds "11"]
[EventCountry "USA"]
[SourceTitle "CB12_2024"]
[SourceDate "2023.10.01"]
[SourceVersion "1"]
[SourceVersionDate "2023.10.01"]
[SourceQuality "1"]

1. e4 e6 2. d4 d5 3. e5 c5 4. c3 Nc6 5. Nf3 Nh6 6. Bd3 cxd4 7. 0-0 Nf5 8. a3 Be7 9. b4 0-0 10. Bb2 f6 11. cxd4 fxe5 12. dxe5 Bd7 13. Nc3 Be8 14. b5 Ncd4 15. Nxd4 Nxd4 16. Bxh7+ Kxh7 17. Qxd4 b6 18. Qg4 Rf5 19. a4 Rc8 20. Rfd1 Rc4 21. Rxd5 Rxg4 22. Rxd8 Bxd8 0-1

[Event "Titled Tuesday intern op 13th Feb Early"]
[Site "Chess.com INT"]
[Date "2024.02.13"]
[Round "8"]
[White "Iljin, Timofey"]
[Black "Iskusnyh, Sergei"]
[Result "0-1"]
[WhiteElo "2285"]
[BlackElo "2440"]
[PlyCount "82"]
[EventDate "2024.02.13"]
[EventType "swiss (blitz)"]
[EventRounds "11"]
[EventCountry "USA"]
[SourceTitle "CB08_2024"]
[SourceDate "2024.02.21"]
[SourceVersion "1"]
[SourceVersionDate "2024.02.21"]
[SourceQuality "1"]

1. e4 e6 2. d4 d5 3. Nd2 c5 4. c3 cxd4 5. cxd4 dxe4 6. Nxe4 Bb4+ 7. Nc3 Nf6 8. Nf3 0-0 9. Bd3 b6 10. 0-0 Bb7 11. Re1 Nbd7 12. Bb1 Rc8 13. Qd3 Re8 14. Bg5 Qc7 15. Ne5 g6 16. Bd2 Rcd8 17. Nxd7 Qxd7 18. a3 Bf8 19. Bg5 Bg7 20. Qh3 Qxd4 21. Ba2 Qd3 22. Qh4 Qf5 23. Re3 h6 24. Bxf6 Qxf6 25. Qg3 Qg5 26. Qh3 Rd2 27. Rae1 Qf4 28. Nd1 Red8 29. Bb3 a5 30. Qg3 Qxg3 31. hxg3 b5 32. a4 b4 33. R3e2 Rxe2 34. Rxe2 Rd3 35. Bc4 Rxd1+ 36. Kh2 Bd5 37. Bb5 h5 38. Re3 g5 39. Rd3 Rb1 40. b3 Be5 41. Kh3 Rh1# 0-1

[Event "Titled Tuesday intern op 13th Feb Early"]
[Site "Chess.com INT"]
[Date "2024.02.13"]
[Round "5"]
[White "Rakhmatullaev, Almas"]
[Black "Iskusnyh, Sergei"]
[Result "1-0"]
[WhiteElo "2426"]
[BlackElo "2440"]
[PlyCount "87"]
[EventDate "2024.02.13"]
[EventType "swiss (blitz)"]
[EventRounds "11"]
[EventCountry "USA"]
[SourceTitle "CB08_2024"]
[SourceDate "2024.02.21"]
[SourceVersion "1"]
[SourceVersionDate "2024.02.21"]
[SourceQuality "1"]

1. e4 e6 2. d4 d5 3. Nc3 Nf6 4. e5 Nfd7 5. Nce2 c5 6. c3 Nc6 7. f4 Be7 8. Nf3 b5 9. g3 b4 10. Bh3 bxc3 11. bxc3 0-0 12. 0-0 Ba6 13. Rf2 Nb6 14. f5 exf5 15. Bxf5 Bc8 16. Bd3 cxd4 17. Nexd4 Nxd4 18. Nxd4 Qc7 19. Bf4 Be6 20. Rc1 Bc5 21. Qh5 g6 22. Qe2 Rac8 23. h4 Na4 24. h5 Qe7 25. hxg6 fxg6 26. Be3 Rxf2 27. Qxf2 Rf8 28. Qd2 Nb6 29. Bh6 Rf7 30. Bg5 Qf8 31. Kg2 Bxd4 32. cxd4 Nc4 33. Qe2 Bf5 34. Bxc4 dxc4 35. e6 Qa8+ 36. Kg1 Rf8 37. e7 Re8 38. Qxc4+ Kg7 39. d5 h5 40. Qd4+ Kh7 41. Rc6 Qb7 42. Qf6 Qb1+ 43. Rc1 Qd3 44. Qf7+ 1-0

[Event "Titled Tuesday intern op 13th Feb Early"]
[Site "Chess.com INT"]
[Date "2024.02.13"]
[Round "1"]
[White "Velavaa, Ragavesh"]
[Black "Iskusnyh, Sergei"]
[Result "0-1"]
[WhiteElo "1972"]
[BlackElo "2440"]
[PlyCount "108"]
[EventDate "2024.02.13"]
[EventType "swiss (blitz)"]
[EventRounds "11"]
[EventCountry "USA"]
[SourceTitle "CB08_2024"]
[SourceDate "2024.02.21"]
[SourceVersion "1"]
[SourceVersionDate "2024.02.21"]
[SourceQuality "1"]

1. e4 e6 2. d4 d5 3. exd5 exd5 4. Nf3 Nf6 5. c4 Nc6 6. Nc3 Bb4 7. Be2 dxc4 8. 0-0 Be6 9. Bg5 Bxc3 10. bxc3 h6 11. Bh4 g5 12. Bg3 Ne4 13. Qc2 Nxg3 14. fxg3 Qd5 15. Qb2 0-0-0 16. Nd2 Na5 17. Bf3 Qd6 18. Ne4 Qb6 19. Qd2 Bd5 20. Rab1 Qc6 21. Nf2 Bxf3 22. gxf3 f5 23. Nd1 Rhe8 24. Ne3 f4 25. Nc2 fxg3 26. hxg3 Qe6 27. Rf2 Nc6 28. Kg2 Qf5 29. Rh1 Rd6 30. Ne3 Qe6 31. Ng4 Rh8 32. Re1 Qd5 33. Ne3 Qb5 34. Qe2 Re8 35. Qd2 h5 36. Nc2 Rxe1 37. Qxe1 g4 38. Qe8+ Rd8 39. Qe6+ Kb8 40. fxg4 hxg4 41. Qxg4 Qd5+ 42. Qf3 Qg5 43. Ne3 a5 44. Nxc4 Rh8 45. Ne3 Qh6 46. Kf1 Qh7 47. Qf5 Qh1+ 48. Ke2 Re8 49. Qf3 Qb1 50. Qf4 Qxa2+ 51. Kf3 Qg8 52. Kg2 Qh7 53. Ng4 Rh8 54. Qf5 Qh1# 0-1

[Event "Titled Tuesday intern op 06th Feb Early"]
[Site "Chess.com INT"]
[Date "2024.02.06"]
[Round "7"]
[White "Horcajuelo Rocamora, Martin"]
[Black "Iskusnyh, Sergei"]
[Result "1-0"]
[WhiteElo "2181"]
[BlackElo "2440"]
[PlyCount "85"]
[EventDate "2024.02.06"]
[EventType "swiss (blitz)"]
[EventRounds "11"]
[EventCountry "USA"]
[SourceTitle "CB07_2024"]
[SourceDate "2024.02.14"]
[SourceVersion "1"]
[SourceVersionDate "2024.02.14"]
[SourceQuality "1"]

1. e4 e6 2. d4 d5 3. exd5 exd5 4. Bd3 c5 5. dxc5 Bxc5 6. Ne2 Nf6 7. 0-0 0-0 8. h3 Nc6 9. Bg5 h6 10. Bh4 g5 11. Bg3 Ne4 12. Nbc3 f5 13. Kh1 Be6 14. f3 Nxg3+ 15. Nxg3 Qd6 16. Nge2 Rad8 17. a3 a6 18. f4 d4 19. Na4 Ba7 20. b4 Bd5 21. Qd2 Qg6 22. Ng3 gxf4 23. Nxf5 Rxf5 24. Bxf5 Qxf5 25. Rxf4 Qxh3+ 26. Kg1 d3+ 27. Nc5 Qg3 28. Raf1 Ne5 29. cxd3 Ng4 30. Rxg4+ Qxg4 31. Rf4 Qg5 32. Qf2 Bxc5 33. bxc5 Re8 34. Rf5 Qc1+ 35. Kh2 Be6 36. Qg3+ Kh7 37. Qc7+ Kh8 38. Qe5+ Kg8 39. Rf6 Qg5 40. Qd4 Qh5+ 41. Kg1 Qd1+ 42. Rf1 Qg4 43. Rf4 1-0

[Event "Titled Tuesday intern op 06th Feb Early"]
[Site "Chess.com INT"]
[Date "2024.02.06"]
[Round "1"]
[White "Iskusnyh, Sergei"]
[Black "Carrasco Miranda, Andres"]
[Result "1-0"]
[WhiteElo "2440"]
[BlackElo "2234"]
[PlyCount "53"]
[EventDate "2024.02.06"]
[EventType "swiss (blitz)"]
[EventRounds "11"]
[EventCountry "USA"]
[SourceTitle "CB07_2024"]
[SourceDate "2024.02.14"]
[SourceVersion "1"]
[SourceVersionDate "2024.02.14"]
[SourceQuality "1"]

1. d4 Nf6 2. c4 g6 3. g3 Bg7 4. Bg2 0-0 5. Nc3 c5 6. dxc5 Na6 7. Nh3 Nxc5 8. 0-0 d6 9. Nf4 Rb8 10. Bd2 a6 11. Rc1 b5 12. cxb5 axb5 13. b4 Ne6 14. Nfd5 Bb7 15. Nxf6+ Bxf6 16. Nd5 Bb2 17. Rc2 Bg7 18. Be3 Bxd5 19. Qxd5 Qd7 20. Rfc1 h5 21. Bh3 Ra8 22. Qd3 Ra4 23. Rb1 Rfa8 24. Bg2 Rb8 25. Bc6 Qd8 26. Bxb5 h4 27. Bxa4 1-0

[Event "Titled Tuesday intern op 06th Feb Early"]
[Site "Chess.com INT"]
[Date "2024.02.06"]
[Round "3"]
[White "Iskusnyh, Sergei"]
[Black "Ovezdurdiyeva, Jemal"]
[Result "1-0"]
[WhiteElo "2440"]
[BlackElo "2057"]
[PlyCount "41"]
[EventDate "2024.02.06"]
[EventType "swiss (blitz)"]
[EventRounds "11"]
[EventCountry "USA"]
[SourceTitle "CB07_2024"]
[SourceDate "2024.02.14"]
[SourceVersion "1"]
[SourceVersionDate "2024.02.14"]
[SourceQuality "1"]

1. d4 b6 2. c4 Bb7 3. Nc3 Nf6 4. Qc2 e6 5. e4 Bb4 6. Bd3 0-0 7. Nge2 d5 8. cxd5 exd5 9. e5 Ne4 10. 0-0 Nxc3 11. bxc3 Be7 12. Bxh7+ Kh8 13. Bf5 g6 14. Bh3 Kg7 15. g3 c5 16. Nf4 Nc6 17. Be3 Rc8 18. Bxc8 Bxc8 19. Rad1 Bf5 20. Qa4 Qd7 21. dxc5 1-0

[Event "Titled Tuesday intern op 16th Jan Early"]
[Site "Chess.com INT"]
[Date "2024.01.16"]
[Round "6"]
[White "Eilers, Stefan"]
[Black "Iskusnyh, Sergei"]
[Result "0-1"]
[WhiteElo "2275"]
[BlackElo "2440"]
[PlyCount "52"]
[EventDate "2024.01.16"]
[EventType "swiss (blitz)"]
[EventRounds "11"]
[EventCountry "USA"]
[SourceTitle "CB04_2024"]
[SourceDate "2023.10.16"]
[SourceVersion "1"]
[SourceVersionDate "2023.10.16"]
[SourceQuality "1"]

1. d4 d5 2. Nf3 Nf6 3. Bg5 c5 4. Bxf6 exf6 5. dxc5 Bxc5 6. e3 0-0 7. c3 Nc6 8. Nbd2 Be6 9. Bd3 f5 10. 0-0 Qf6 11. Rc1 Rad8 12. Qe2 Rfe8 13. b4 Bb6 14. a3 f4 15. e4 Bg4 16. h3 Bh5 17. Rfe1 Ne5 18. Bb5 Nxf3+ 19. gxf3 Re5 20. Kh2 Qh4 21. Rf1 dxe4 22. Nxe4 Bg6 23. Rg1 Rh5 24. Qf1 Bxe4 25. fxe4 Bxf2 26. Rg4 Qxg4 0-1

[Event "Titled Tuesday intern op 16th Jan Early"]
[Site "Chess.com INT"]
[Date "2024.01.16"]
[Round "2"]
[White "Kozelov, Roman"]
[Black "Iskusnyh, Sergei"]
[Result "0-1"]
[WhiteElo "2071"]
[BlackElo "2440"]
[PlyCount "54"]
[EventDate "2024.01.16"]
[EventType "swiss (blitz)"]
[EventRounds "11"]
[EventCountry "USA"]
[SourceTitle "CB04_2024"]
[SourceDate "2023.10.16"]
[SourceVersion "1"]
[SourceVersionDate "2023.10.16"]
[SourceQuality "1"]

1. e4 e6 2. d4 d5 3. Nc3 Nf6 4. Bg5 dxe4 5. Nxe4 Nbd7 6. c3 h6 7. Bxf6 Nxf6 8. Bd3 Nxe4 9. Bxe4 c5 10. Nf3 Be7 11. 0-0 0-0 12. Qb3 Qc7 13. Rad1 Rb8 14. Rfe1 cxd4 15. Nxd4 Bd7 16. Bb1 Rbd8 17. Qc2 g6 18. Nxe6 Bxe6 19. Rxd8 Bxd8 20. Rxe6 fxe6 21. Qxg6+ Qg7 22. Qxe6+ Kh8 23. g3 Bb6 24. Kh1 Rxf2 25. Be4 Rf6 26. Qe8+ Rf8 27. Qe6 Qf6 0-1

[Event "Titled Tuesday intern op 09th Jan Early"]
[Site "Chess.com INT"]
[Date "2024.01.09"]
[Round "6"]
[White "Iskusnyh, Sergei"]
[Black "Popov, Konstantin"]
[Result "1/2-1/2"]
[WhiteElo "2440"]
[BlackElo "2364"]
[PlyCount "131"]
[EventDate "2024.01.09"]
[EventType "swiss (blitz)"]
[EventRounds "11"]
[EventCountry "USA"]
[SourceTitle "CB03_2024"]
[SourceDate "2024.01.17"]
[SourceVersion "1"]
[SourceVersionDate "2024.01.17"]
[SourceQuality "1"]

1. d4 Nf6 2. c4 e6 3. g3 d5 4. Bg2 dxc4 5. Nf3 Bb4+ 6. Bd2 c5 7. a3 Bxd2+ 8. Nbxd2 cxd4 9. Nxc4 Nc6 10. 0-0 0-0 11. Rc1 Rb8 12. Qd2 b6 13. Rfd1 Ba6 14. Nce5 Nxe5 15. Nxe5 Rc8 16. Nc6 Qd6 17. Qxd4 Qxd4 18. Rxd4 Rc7 19. Bf3 g5 20. Ra4 Bb7 21. Rxa7 Nd5 22. Bxd5 exd5 23. Rc3 d4 24. Nxd4 Rd7 25. e3 Re8 26. h3 h5 27. Rb3 Rc8 28. Rc3 Re8 29. a4 Ree7 30. Kh2 h4 31. gxh4 gxh4 32. a5 bxa5 33. Rxa5 f6 34. Rh5 Rg7 35. f3 Ba6 36. Rxh4 Rb7 37. b3 Ra7 38. Rg4 Kh7 39. Nf5 Rgd7 40. Rc2 Bd3 41. Rcg2 Kh8 42. Rh4+ Rh7 43. Rxh7+ Kxh7 44. e4 Ra3 45. Rg7+ Kh8 46. Rb7 Bc2 47. Kg3 Bxb3 48. h4 Bd1 49. Nd4 Rd3 50. Rd7 Bxf3 51. Rd8+ Kh7 52. Ne6 Rxd8 53. Nxd8 Bxe4 54. Nf7 Kg6 55. Nd6 Bc6 56. Nc4 Kf5 57. Ne3+ Ke4 58. Ng4 f5 59. Nf2+ Ke3 60. Nh3 Be8 61. Nf4 Bf7 62. Ng2+ Ke4 63. Nf4 Be8 64. h5 Bxh5 65. Nxh5 f4+ 66. Nxf4 1/2-1/2

[Event "Titled Tuesday intern op 09th Jan Early"]
[Site "Chess.com INT"]
[Date "2024.01.09"]
[Round "10"]
[White "Radibratovic, Predrag"]
[Black "Iskusnyh, Sergei"]
[Result "0-1"]
[WhiteElo "2324"]
[BlackElo "2440"]
[PlyCount "56"]
[EventDate "2024.01.09"]
[EventType "swiss (blitz)"]
[EventRounds "11"]
[EventCountry "USA"]
[SourceTitle "CB03_2024"]
[SourceDate "2024.01.17"]
[SourceVersion "1"]
[SourceVersionDate "2024.01.17"]
[SourceQuality "1"]

1. d4 d5 2. Bf4 Nf6 3. e3 c5 4. c3 Nc6 5. Nd2 cxd4 6. cxd4 Bf5 7. Ngf3 e6 8. Be2 Be7 9. 0-0 0-0 10. h3 Qa5 11. a3 Rfc8 12. b4 Qd8 13. Rc1 Ne4 14. Qb3 Bd6 15. Bxd6 Nxd6 16. Rc3 b5 17. Rfc1 Nc4 18. a4 a6 19. a5 Qd6 20. Nxc4 dxc4 21. Qa3 Qxb4 22. Qa1 Qxa5 23. Ne5 Qxa1 24. Rxa1 Nxe5 25. dxe5 f6 26. exf6 gxf6 27. f3 e5 28. e4 Be6 0-1

[Event "Titled Tuesday intern op 19th Dec Early"]
[Site "Chess.com INT"]
[Date "2023.12.19"]
[Round "7"]
[White "Hong, Andrew Z"]
[Black "Iskusnyh, Sergei"]
[Result "1-0"]
[WhiteElo "2539"]
[BlackElo "2440"]
[PlyCount "85"]
[EventDate "2023.12.19"]
[EventType "swiss (blitz)"]
[EventRounds "11"]
[EventCountry "USA"]
[SourceTitle "CB52_2023"]
[SourceDate "2023.12.27"]
[SourceVersion "1"]
[SourceVersionDate "2023.12.27"]
[SourceQuality "1"]

1. d4 d5 2. Bf4 Nf6 3. Nc3 c5 4. e3 cxd4 5. exd4 Bg4 6. Be2 Bxe2 7. Ncxe2 Nc6 8. Nf3 e6 9. 0-0 Be7 10. c3 0-0 11. Nc1 Ne4 12. Nd3 Bd6 13. Qc1 Qc7 14. Re1 Rac8 15. a4 Na5 16. Bxd6 Qxd6 17. Qd1 Nc4 18. Nfe5 Nxe5 19. Nxe5 Rc7 20. a5 b6 21. a6 Qe7 22. Re3 f6 23. Nd3 Qf7 24. Qe2 Re8 25. Re1 Rce7 26. Nb4 Kf8 27. Qb5 Nd6 28. Qc6 Nc4 29. R3e2 Rc7 30. Rxe6 Rxe6 31. Qxe6 Qxe6 32. Rxe6 Nxb2 33. Nxd5 Rd7 34. Nxb6 axb6 35. Rxb6 Nc4 36. Rb7 Re7 37. g3 Re1+ 38. Kg2 Ra1 39. a7 Nb6 40. c4 Ke8 41. c5 Nd7 42. Rb8+ Ke7 43. a8Q 1-0

[Event "Titled Tuesday intern op 19th Dec Early"]
[Site "Chess.com INT"]
[Date "2023.12.19"]
[Round "6"]
[White "Iskusnyh, Sergei"]
[Black "Kraus, Tomas"]
[Result "1-0"]
[WhiteElo "2440"]
[BlackElo "2486"]
[PlyCount "53"]
[EventDate "2023.12.19"]
[EventType "swiss (blitz)"]
[EventRounds "11"]
[EventCountry "USA"]
[SourceTitle "CB52_2023"]
[SourceDate "2023.12.27"]
[SourceVersion "1"]
[SourceVersionDate "2023.12.27"]
[SourceQuality "1"]

1. d4 Nf6 2. c4 g6 3. g3 Bg7 4. Bg2 0-0 5. Nc3 d6 6. Nf3 c5 7. dxc5 dxc5 8. Be3 Na6 9. 0-0 Be6 10. b3 Qa5 11. Qc1 Ng4 12. Bd2 Qc7 13. h3 Ne5 14. Nb5 Qb6 15. Nxe5 Bxe5 16. Bc3 Bxc3 17. Nxc3 Rfd8 18. Qg5 Rd7 19. h4 Rad8 20. h5 Ra8 21. hxg6 Rad8 22. gxh7+ Kxh7 23. Be4+ f5 24. Kg2 fxe4 25. Rh1+ Bh3+ 26. Rxh3+ Qh6 27. Rxh6# 1-0

[Event "Titled Tuesday intern op 19th Dec Early"]
[Site "Chess.com INT"]
[Date "2023.12.19"]
[Round "2"]
[White "Iskusnyh, Sergei"]
[Black "Zhigalko, Sergei"]
[Result "1-0"]
[WhiteElo "2440"]
[BlackElo "2572"]
[PlyCount "121"]
[EventDate "2023.12.19"]
[EventType "swiss (blitz)"]
[EventRounds "11"]
[EventCountry "USA"]
[SourceTitle "CB52_2023"]
[SourceDate "2023.12.27"]
[SourceVersion "1"]
[SourceVersionDate "2023.12.27"]
[SourceQuality "1"]

1. d4 Nf6 2. c4 e6 3. g3 c5 4. Nf3 cxd4 5. Nxd4 Qc7 6. Nd2 Bc5 7. N2b3 Be7 8. Bf4 Qb6 9. Bg2 0-0 10. 0-0 d5 11. Rc1 Nc6 12. cxd5 exd5 13. Nxc6 bxc6 14. Be3 Qa6 15. Bc5 Re8 16. Bxe7 Rxe7 17. Nd4 Bd7 18. a3 Rc8 19. Rc5 Qb6 20. b4 Ne4 21. Bxe4 Rxe4 22. e3 g6 23. Qf3 Kg7 24. Rfc1 a6 25. Qe2 h5 26. h4 Rce8 27. Qb2 Kg8 28. Nxc6 Bxc6 29. Rxc6 Qb5 30. Rc8 Qd3 31. Rxe8+ Rxe8 32. Qc3 Qe2 33. Qd4 Qa2 34. Rc3 Qb1+ 35. Kg2 Qa2 36. Rd3 Re4 37. Qxd5 Rc4 38. Rd4 Rc2 39. Qxa2 Rxa2 40. Rd3 Kg7 41. Kf3 Kf6 42. Rd6+ Ke5 43. Rxa6 f6 44. Ra5+ Ke6 45. b5 g5 46. hxg5 fxg5 47. b6 g4+ 48. Kg2 Kf6 49. Rxh5 Rxa3 50. b7 Rb3 51. Rh7 Kg6 52. Rc7 Rb1 53. e4 Kf6 54. Rd7 Kg6 55. f4 Rb2+ 56. Kf1 Kf6 57. Rc7 Ke6 58. Ke1 Kd6 59. Rg7 Ke6 60. Kd1 Rxb7 61. Rxb7 1-0

[Event "Titled Tuesday intern op 12th Dec Early"]
[Site "Chess.com INT"]
[Date "2023.12.12"]
[Round "3"]
[White "Bocharov, Dmitry"]
[Black "Iskusnyh, Sergei"]
[Result "1-0"]
[WhiteElo "2518"]
[BlackElo "2440"]
[PlyCount "163"]
[EventDate "2023.12.12"]
[EventType "swiss (blitz)"]
[EventRounds "11"]
[EventCountry "USA"]
[SourceTitle "CB51_2023"]
[SourceDate "2023.12.20"]
[SourceVersion "1"]
[SourceVersionDate "2023.12.20"]
[SourceQuality "1"]

1. c4 c5 2. g3 g6 3. Bg2 Bg7 4. Nc3 Nc6 5. Nf3 d6 6. 0-0 e6 7. e3 Nge7 8. d4 0-0 9. Re1 e5 10. dxc5 dxc5 11. Qb3 Na5 12. Qc2 Nxc4 13. Ne4 Na5 14. Rd1 Qc7 15. Qxc5 Qxc5 16. Nxc5 Bf5 17. Bd2 Nc4 18. Bc3 b6 19. Nd7 Bxd7 20. Rxd7 Nf5 21. Nd2 Rac8 22. Nxc4 Rxc4 23. Bd5 Rcc8 24. Rxa7 e4 25. Bxg7 Kxg7 26. Bxe4 Nd6 27. Bd3 Rfd8 28. b3 Rc3 29. Bf1 Ne4 30. Bc4 Ng5 31. h4 Nf3+ 32. Kg2 Ne5 33. Rb7 Rd2 34. Rf1 Nxc4 35. bxc4 Rxa2 36. Rxb6 Rxc4 37. Rd6 h5 38. Kf3 Rcc2 39. Rd4 Rab2 40. Rf4 Ra2 41. Rd1 Rc7 42. Rd6 Re7 43. Rfd4 Rc7 44. Rf4 Re7 45. Kg2 Rc7 46. Rd3 Re7 47. Rfd4 Rb2 48. Rd2 Rxd2 49. Rxd2 Re6 50. Kf3 Ra6 51. e4 Ra5 52. Kf4 Rb5 53. Rd7 Kf8 54. e5 Rb2 55. f3 Rb5 56. Rc7 Ra5 57. Rd7 Kg8 58. Ke4 Ra4+ 59. Rd4 Ra5 60. Kf4 Rb5 61. Re4 Ra5 62. g4 hxg4 63. Kxg4 Kg7 64. Kf4 Rb5 65. Rc4 Ra5 66. Rc7 Kf8 67. Rd7 Rb5 68. Ra7 Rc5 69. Ra4 Rb5 70. Re4 Kg7 71. Kg4 Ra5 72. Re3 Rb5 73. f4 Rb1 74. Rg3 Rc1 75. Kg5 Rc5 76. h5 f6+ 77. Kh4 fxe5 78. Rxg6+ Kf7 79. f5 Rc1 80. Re6 Rh1+ 81. Kg5 Rg1+ 82. Kh6 1-0

[Event "Titled Tuesday intern op 12th Dec Early"]
[Site "Chess.com INT"]
[Date "2023.12.12"]
[Round "4"]
[White "Finek, Vaclav"]
[Black "Iskusnyh, Sergei"]
[Result "1-0"]
[WhiteElo "2416"]
[BlackElo "2440"]
[PlyCount "159"]
[EventDate "2023.12.12"]
[EventType "swiss (blitz)"]
[EventRounds "11"]
[EventCountry "USA"]
[SourceTitle "CB51_2023"]
[SourceDate "2023.12.20"]
[SourceVersion "1"]
[SourceVersionDate "2023.12.20"]
[SourceQuality "1"]

1. d4 d5 2. Nf3 Nf6 3. c4 c6 4. Qc2 dxc4 5. Qxc4 Bf5 6. g3 e6 7. Bg2 Be7 8. 0-0 0-0 9. e3 Nbd7 10. Rd1 Rc8 11. Qe2 c5 12. Nc3 cxd4 13. Nxd4 Bg4 14. f3 Bh5 15. e4 Qc7 16. Be3 a6 17. Rac1 Qb8 18. g4 Bg6 19. g5 Nh5 20. Nxe6 fxe6 21. Rxd7 Bc5 22. Bxc5 Rxc5 23. Qe3 b6 24. Ne2 Be8 25. Rxc5 Bxd7 26. Rc2 Bb5 27. Ng3 Nf4 28. Bf1 Bxf1 29. Kxf1 Qe5 30. Qxb6 Qxg5 31. Qxa6 Qh4 32. Qc4 Qh3+ 33. Kg1 h5 34. Qf1 Qh4 35. Rc5 Qf6 36. Rc2 h4 37. Ne2 Qg5+ 38. Kh1 Nd3 39. Ng1 Qe3 40. Qe2 Qd4 41. Rd2 Rd8 42. Nh3 Qc4 43. b3 Qc1+ 44. Rd1 Qc3 45. Kg2 Kh8 46. Kf1 Rd7 47. Nf2 Ne5 48. Rxd7 Nxd7 49. Qd3 Qa1+ 50. Kg2 Ne5 51. Qd8+ Kh7 52. Qxh4+ Kg8 53. Qg3 Nf7 54. Qb8+ Kh7 55. Qe8 Nh6 56. Qxe6 Qxa2 57. Qd5 Ng8 58. e5 Ne7 59. Qe4+ Kg8 60. b4 Qb2 61. e6 g6 62. h4 Kg7 63. f4 Kf8 64. Kf3 Nf5 65. Nd3 Qh2 66. Qa8+ Ke7 67. Qb7+ Kxe6 68. Qc6+ Kf7 69. Ne5+ Ke7 70. Nxg6+ Kd8 71. Qd5+ Kc7 72. Qxf5 Qh1+ 73. Kg4 Qg2+ 74. Kh5 Qe2+ 75. Qg4 Qc2 76. Ne5 Qh7+ 77. Kg5 Qg7+ 78. Ng6 Qg8 79. Qf5 Kb6 80. Qc5+ 1-0

[Event "Titled Tuesday intern op 12th Dec Early"]
[Site "Chess.com INT"]
[Date "2023.12.12"]
[Round "5"]
[White "Iskusnyh, Sergei"]
[Black "Leve, Nitai D"]
[Result "1-0"]
[WhiteElo "2440"]
[BlackElo "2128"]
[PlyCount "87"]
[EventDate "2023.12.12"]
[EventType "swiss (blitz)"]
[EventRounds "11"]
[EventCountry "USA"]
[SourceTitle "CB51_2023"]
[SourceDate "2023.12.20"]
[SourceVersion "1"]
[SourceVersionDate "2023.12.20"]
[SourceQuality "1"]

1. d4 d5 2. c4 c6 3. Nf3 Nf6 4. e3 a6 5. Bd3 Bg4 6. Nbd2 e6 7. b3 b5 8. 0-0 Bd6 9. c5 Bc7 10. Bb2 Nbd7 11. Qc2 0-0 12. Ne5 Nxe5 13. dxe5 Nd7 14. Bxh7+ Kh8 15. f4 Nxc5 16. b4 Na4 17. Bd4 Nb6 18. Bd3 Nc4 19. Nb3 Bb6 20. Nc5 a5 21. a3 Qh4 22. Bxc4 bxc4 23. Nxe6 fxe6 24. Bxb6 Rf5 25. bxa5 Rh5 26. g3 Qe7 27. Qd2 Bf5 28. Qb4 Qf7 29. Rf2 Be4 30. Bc5 Qg6 31. Rb2 Kh7 32. Qe1 Rh8 33. a6 Qg4 34. Raa2 Qf3 35. Rg2 Kg6 36. a7 Rxh2 37. Rxh2 Qh1+ 38. Rxh1 Rxh1+ 39. Kf2 Rh2+ 40. Kf1 Rh1+ 41. Ke2 Rh2+ 42. Qf2 Bd3+ 43. Ke1 Rh1+ 44. Kd2 1-0